La Fuga de capital en Centroamérica 1977 - 1984

שמור ב:
מידע ביבליוגרפי
מחבר תאגידי: Banco Centroamericano de Integración Económica. División de Planificación. Area de Planificación Económica
פורמט: Texto
יצא לאור: s.l: BCIE
תגים: הוספת תג
אין תגיות, היה/י הראשונ/ה לתייג את הרשומה!

MARC

LEADER 00000 a a2200000 04500
001 24188
003
040
090 |a 171500  
110 |a Banco Centroamericano de Integración Económica. División de Planificación. Area de Planificación Económica  
245 |a La Fuga de capital en Centroamérica 1977 - 1984  
260 |a s.l:   |b BCIE  
300 |a 20 p  
999 |c 15998  |d 15998